00689nam a2200181 a 4500008004100000050001600041100002700057245002600084246004500110260003500155300002000190350000900210650002800219650001500247995009600262999001700358952013200375120416s1991 ||||||||||||||||| || u aHD 58.8 Has aHaspeslagh, Philippe C10aManaging acquisitions acreating value through corporate renewal aNew YorkbThe Free Pressc1991 axi, 416p. : ill a0.00 aMANAGEMENT ACQUISITIONS 0aMANAGEMENT D0.00FCBU-MAIN LIBRARY (Kitwe)H1I29.95M1UAVAILABLEZMain Library Open Access Collection c50116d50116 00102lcc4070a001b001cMain Library Open Access Collectiond2022-11-30l0oHD 58.8 Hasp003734r2022-11-30w2022-11-30y002